Új élet a frekvencia után hálózatban a körzeti rádióstúdiók /

Elmentve itt :
Bibliográfiai részletek
Szerző: Takács Viktor
Dokumentumtípus: Cikk
Megjelent: 1998-03-10
Sorozat:Délmagyarország 88 No. 58
Kulcsszavak:Magyar Rádió körzeti stúdió Szeged, Magyar Rádió. Szegedi Körzeti Szerkesztőség
Online Access:http://dmarchiv.bibl.u-szeged.hu/84524
LEADER 00567nab a2200157 i 4500
001 delm84524
005 20191025093304.0
008 191025s1998 hu o 0|| hun d
040 |a SZTE Délmagyarország Archívum  |b hun 
041 |a hun 
100 1 |a Takács Viktor 
245 1 0 |a Új élet a frekvencia után   |h [elektronikus dokumentum] :  |b hálózatban a körzeti rádióstúdiók /  |c  Takács Viktor 
260 |c 1998-03-10 
300 |a 5 
490 0 |a Délmagyarország  |v 88 No. 58 
695 |a Magyar Rádió körzeti stúdió Szeged, Magyar Rádió. Szegedi Körzeti Szerkesztőség